00443nam a2200145Ia 4500008004100000020001400041040001300055050001200068100001900080245008500099260003200184300002100216500001900237650004100256 1992xxkao er a 1 |engdd a727306030 aNG-ZaABU aTJ 1060 aBaker, Alan K. 0aIndustrial brake and clutch design:bA ferodo design manual. /cby Alan K. Baker aLondonbPentech Pressc1992 avii, 111p.: ill. aIncludes index aMechanical engineering and machinery